Crónica de la provincia de Santander / (Record no. 182555)

MARC details
000 -LEADER
campo de control de longitud fija 01102nam a2200229 i 4500
001 - NÚMERO DE CONTROL
campo de control 182555
003 - IDENTIFICADOR DE NÚMERO DE CONTROL
campo de control ES-MaACL
005 - FECHA Y HORA DE LA ÚLTIMA TRANSACCIÓN
campo de control 20240522063104.0
008 - DATOS DE LONGITUD FIJA--INFORMACIÓN GENERAL
campo de control de longitud fija 130926s1867 sp a | |||||||| | spa d
080 ## - NÚMERO DE LA CLASIFICACIÓN DECIMAL UNIVERSAL
Número de la Clasificación Decimal Universal 94(460)
080 ## - NÚMERO DE LA CLASIFICACIÓN DECIMAL UNIVERSAL
Número de la Clasificación Decimal Universal 94(460.13)
100 1# - ENTRADA PRINCIPAL--NOMBRE DE PERSONA
Nombre de persona Assas, Manuel de,
Fechas asociadas al nombre 1813-1880
9 (RLIN) 23648
245 10 - MENCIÓN DEL TÍTULO
Título Crónica de la provincia de Santander /
Mención de responsabilidad, etc. por Manuel de Assas.
260 ## - PUBLICACIÓN, DISTRIBUCIÓN, ETC.
Lugar de publicación, distribución, etc. Madrid :
Nombre del editor, distribuidor, etc. Rubio y Compañía,
Fecha de publicación, distribución, etc. 1867.
300 ## - DESCRIPCIÓN FÍSICA
Extensión VII, 126 p., [7] h. de lám., [1] h. de mapas :
Otras características físicas il. ;
Dimensiones 33 cm.
490 1# - MENCIÓN DE SERIE
Mención de serie Crónica general de España, ó sea Historia ilustrada y descriptiva de sus provincias, sus poblaciones más importantes de la península y de Ultramar
651 #4 - PUNTO DE ACCESO ADICIONAL DE MATERIA--NOMBRE GEOGRÁFICO
Nombre geográfico Cantabria (Comunidad Autónoma)-
Subdivisión general Historia.
9 (RLIN) 153443
651 #4 - PUNTO DE ACCESO ADICIONAL DE MATERIA--NOMBRE GEOGRÁFICO
Nombre geográfico Cantabria (Comunidad Autónoma)-
Subdivisión general Descripción.
9 (RLIN) 153444
830 0# - PUNTO DE ACCESO ADICIONAL DE SERIE-TÍTULO UNIFORME
Título uniforme Crónica general de España, o sea Historia ilustrada y descriptiva de sus provincias, sus poblaciones más importantes de la península y posesiones de Ultramar
9 (RLIN) 224862
852 ## - LOCALIZACIÓN
Ubicación ES-MaACL
Número de control de estantería C-1573(6)
Nota libre .- Encuadernado con otras obras
Holdings
Estatus retirado Estado de pérdida Estado de daño No para préstamo Colección Biblioteca de origen Biblioteca actual Ubicación en estantería Fecha de adquisición Fuente de adquisición Total de préstamos Signatura topográfica completa Código de barras Visto por última vez Precio de reemplazo Tipo de ítem Koha
        Libros del s. XIX Biblioteca del Ateneo de Madrid Biblioteca del Ateneo de Madrid Sala Palomar 26/09/2013     C-1573(6) 1191853 23/02/2023 23/02/2023 Libro impreso antiguo